Normal view
MARC view
- Bhise, V. B
Entry Personal Name
001 - CONTROL NUMBER
- control field: 2953
003 - CONTROL NUMBER IDENTIFIER
- control field: OSt
005 - DATE AND TIME OF LATEST TRANSACTION
- control field: 20180302115243.0
008 - FIXED-LENGTH DATA ELEMENTS
- fixed length control field: 180302|| aca||aabn | a|a d
040 ## - CATALOGING SOURCE
- Original cataloging agency: OSt
- Transcribing agency: OSt
100 ## - HEADING--PERSONAL NAME
- Personal name: Bhise, V. B
670 ## - SOURCE DATA FOUND
- Source citation: Work cat.: (OSt): PAWAR, A. N 2952, Impact of irrigation on Indian farm economy, 2011
